Análisis y diseño del sistema de información que apoya la entrega del servicio que otorga el Laboratorio Clínico del Hospital San Juan de Dios
Đã lưu trong:
| Tác giả chính: | |
|---|---|
| Tác giả khác: | , |
| Định dạng: | Sách |
| Được phát hành: |
San José, C.R
1999
|
| Những chủ đề: | |
| Các nhãn: |
Thêm thẻ
Không có thẻ, Là người đầu tiên thẻ bản ghi này!
|
MARC
| LEADER | 00000nam a2200000Ia 4500 | ||
|---|---|---|---|
| 003 | 010113 | ||
| 005 | 20221231144210.0 | ||
| 008 | 140114s1999 cr a m 000 ||s d | ||
| 040 | |c cru CEDI | ||
| 090 | |a TFG 4127 | ||
| 100 | |a Garita Canet, Esteban |9 8288 | ||
| 245 | |a Análisis y diseño del sistema de información que apoya la entrega del servicio que otorga el Laboratorio Clínico del Hospital San Juan de Dios | ||
| 260 | |c 1999 |a San José, C.R | ||
| 300 | |a xv, 202 hojas : ilustraciones, hojas plegables | ||
| 500 | |a Proyecto de graduación (licenciatura en ingeniería industrial)--Universidad de Costa Rica. Facultad de Ingeniería. Escuela de Ingeniería Industrial | ||
| 650 | |x HOSPITAL SAN JUAN DE DIOS (COSTA RICA).. LABORATORIO CLINICO DR. CLODOMIRO PICADO |x LABORATORIOS CLINICOS |x ATENCION AL ENFERMO |x ATENCION INTEGRAL DE SALUD |x TELEMEDICINA |9 8292 | ||
| 700 | |9 8290 |a Ortiz Fernández, Laura | ||
| 700 | |9 8291 |a Retana Valverde, María del Pilar | ||
| 942 | |c TFG | ||
| 999 | |c 18330 |d 18330 | ||
